Guess Charlie Chaplin Movies - Statistics

General Stats
  • This quiz has been taken 4 times
  • The average score is 9 of 11
Answer Stats
Year Movie Title % Correct
1967 A {Countess} from Hong Kong
100%
1931 City {Lights}
100%
1936 {Modern} Times
100%
1925 The {Gold} Rush
100%
1940 The Great {Dictator}
100%
1923 A Woman Of {Paris}
75%
1952 {Lime}light
75%
1947 Monsieur {Verdoux}
75%
1928 The {Circus}
75%
1921 The {Kid}
75%
1957 A {King} in New York
50%
No matching quizzes found
Score Distribution
Percent of People with Each Score
Percentile by Number Answered
Your Score History
You have not taken this quiz